Property industry launches occupiers satisfaction index research (Record no. 77956)

MARC details
000 -LEADER
fixed length control field 01202cab a2200229 4500
001 - CONTROL NUMBER
control field ##L135604
008 - FIXED-LENGTH DATA ELEMENTS--GENERAL INFORMATION
fixed length control field 061114n2006 000 0 eng u
035 ## - SYSTEM CONTROL NUMBER
System control number (Sirsi) u135604
041 0# - LANGUAGE CODE
Language code of text/sound track or separate title eng
110 2# - MAIN ENTRY--CORPORATE NAME
Corporate name or jurisdiction name as entry element Royal Institution of Chartered Surveyors
9 (RLIN) 4900
245 00 - TITLE STATEMENT
Title Property industry launches occupiers satisfaction index research
260 ## - PUBLICATION, DISTRIBUTION, ETC.
Date of publication, distribution, etc. 2006
490 #0 - SERIES STATEMENT
Series statement RICS Press Release
Volume/sequential designation 10 November 2006
520 ## - SUMMARY, ETC.
Summary, etc. The research, due for publication in March 2007, will measure how successfully landlords and other suppliers across retail, office and industrial sectors are meeting the needs of occupiers. The resulting index will be based on interviews with a panel of 250 occupiers across the UK commercial customer base. The Property Industry Alliance and CoreNet Global UK are championing the project.
590 ## - LOCAL NOTE (RLIN)
Local note KA
650 24 - SUBJECT ADDED ENTRY--TOPICAL TERM
Topical term or geographic name entry element OCCUPIE$ SATISFACTION
650 24 - SUBJECT ADDED ENTRY--TOPICAL TERM
Topical term or geographic name entry element RICS OCCUPIERS SATISFACTION INDEX
651 #4 - SUBJECT ADDED ENTRY--GEOGRAPHIC NAME
Geographic name United Kingdom
Chronological subdivision
690 ## - LOCAL SUBJECT ADDED ENTRY--TOPICAL TERM (OCLC, RLIN)
Topical term or geographic name as entry element PROPERTY-COMMERCIAL PROPERTY-LEASEHOLD COMMERCIAL PROPERTY-COMMERCIAL LANDLORD AND TENANT
856 40 - ELECTRONIC LOCATION AND ACCESS
Uniform Resource Identifier <a href="https://www.rics.org/RICSWEB/getpage.aspx?p=IoFq9kmSOkW5aP6gtlhZgA">https://www.rics.org/RICSWEB/getpage.aspx?p=IoFq9kmSOkW5aP6gtlhZgA</a>
Public note View the item free of charge at www.rics.org...
942 ## - ADDED ENTRY ELEMENTS (KOHA)
Suppress in OPAC 0
Holdings
Withdrawn status Lost status Source of classification or shelving scheme Damaged status Not for loan Home library Current library Shelving location Date acquired Total Checkouts Full call number Barcode Date last seen Copy number Price effective from Koha item type
    Dewey Decimal Classification     Virtual Virtual Online 14/11/2006   ONLINE PUBLICATION 135604-2001 06/08/2019 1 06/08/2019 Journal article